Name the Communist - Statistics

General Stats
  • This quiz has been taken 26 times
  • The average score is 10 of 16
Answer Stats
Picture Answer % Correct
Ernesto Guevara
100%
Fidel Castro
100%
Karl Marx
100%
Nelson Mandela
100%
Vladimir Lenin
100%
Mao
96%
Lev Trotsky
92%
Ho Chi Minh
84%
Pol Pot
76%
Rosa Luxemburg
68%
Friedrich Engels
52%
Pyotr Kropotkin
24%
Enver Hoxha
16%
Karl Liebknecht
12%
Camilio Cienfuegos
8%
Karl Kautsky
8%
No matching quizzes found
Score Distribution
Percent of People with Each Score
Percentile by Number Answered
Your Score History
You have not taken this quiz